000 00667nam a2200229Ia 4500
003 OSt
005 20220928113654.0
006 a|||||r|||| 00| 0
007 ta
008 220927b |||||||| |||| 00| 0 eng d
024 _a74270
037 _cTextual
040 _aSDCL
_cSDCL
_beng
041 _2eng
_aeng
082 _aV5:24'N6, K9
100 _aAndrews William G Ed.
245 0 _aEuropean politics II, the dynamics of change
_bA comparative government biennial.
260 _aNew York
_b Van Nostrand Reinhold
_c1969
300 _avii,278p
_ccm.
942 _hV5:24'N6, K9
_cTEXL
_2CC
999 _c750737
_d750737